| 000 | 00815cab a2200229 4500 | ||
|---|---|---|---|
| 001 | WB3448-19 | ||
| 008 | 090401t1998 xxu||||| |||| 00| 0 eng d | ||
| 035 | _a(Sirsi) u90342 | ||
| 041 | _aeng | ||
| 245 | _aAccountancy regulation | ||
| 260 | _c1998 | ||
| 350 | _a0 | ||
| 490 |
_aFinancial Times _v15 December 1998, 6(1) |
||
| 520 | _aThe WTO has adopted new rules preventing domestic regulation of the accountancy profession being used as a barrier to foreign competition. The rules will not become binding until the next series of talks on services trade has been completed. | ||
| 650 | _aACCOUNTANCY RULES | ||
| 650 | _aACCOUNTANCY SERVICES | ||
| 650 | _aACCOUNTANTS | ||
| 650 | _aWORLD TRADE ORGANISATION | ||
| 690 | _aPROPERTY-PROPERTY FINANCE AND INVESTMENT | ||
| 942 | _n0 | ||
| 948 | _c16/12/1998 | ||
| 999 |
_c57272 _d57272 |
||